State constitutional revision in California (Record no. 478612)

000 -LEADER
fixed length control field 00571cam a22001457a 4500
008 - FIXED-LENGTH DATA ELEMENTS--GENERAL INFORMATION
fixed length control field 180718b1961 xxu||||| |||| 00| 0 eng d
082 ## - DEWEY DECIMAL CLASSIFICATION NUMBER
Classification number C35x794 C128
100 ## - MAIN ENTRY--PERSONAL NAME
Personal name Engelbertm, Ernest
245 ## - TITLE STATEMENT
Title State constitutional revision in California
Statement of responsibility, etc. by Ernest A. Engelbert and John G. Gunnell and California. University. Bureau of Governmental Research
260 ## - PUBLICATION, DISTRIBUTION, ETC.
Place of publication, distribution, etc. Los Angeles
Name of publisher, distributor, etc. The Bureau
Date of publication, distribution, etc. 1961
300 ## - PHYSICAL DESCRIPTION
Extent 68p.
650 ## - SUBJECT ADDED ENTRY--TOPICAL TERM
Topical term or geographic name entry element Constitutiona - Amendments - USA - California
700 ## - ADDED ENTRY--PERSONAL NAME
Personal name California. University. Bureau of Governmental Research
700 ## - ADDED ENTRY--PERSONAL NAME
Personal name Gunnell, John G.
Holdings
Withdrawn status Lost status Damaged status Not for loan Permanent Location Current Location Date acquired Full call number Barcode Date last seen Price effective from Koha item type
        Indian Institute of Public Administration Indian Institute of Public Administration 2018-08-04 C35x794 C128 GR6194 2018-08-04 2018-08-04 GR

Powered by Koha